Entry Nombre personal
001 - NÚMERO DE CONTROL
- campo de control: 172062
003 - IDENTIFICADOR DE NÚMERO DE CONTROL
- campo de control: OSt
005 - FECHA Y HORA DE LA ÚLTIMA TRANSACCIÓN
- campo de control: 20230222193301.0
008 - ELEMENTOS DE DATO DE LONGITUD-FIJA
- campo de control de longitud fija: 210603 n adnnnaa|n a aaa d
040 ## - FUENTE DE CATALOGACIÓN
- Centro catalogador/agencia de origen: OSt
- Centro/agencia transcriptor: OSt
100 1# - ENCABEZAMIENTO-NOMBRE DE PERSONA
- Nombre de persona: Gillet, Lev
400 0# - TRAZADO DE VÉASE--NOMBRE DE PERSONA
- Nombre de persona: Un Monje de la Iglesia de Oriente
400 0# - TRAZADO DE VÉASE--NOMBRE DE PERSONA
- Nombre de persona: Monje de la Iglesia de Oriente
400 0# - TRAZADO DE VÉASE--NOMBRE DE PERSONA
- Nombre de persona: Moine de l'Église d'Orient
